| 000 | 00968cam a2200337 i 4500 | ||
|---|---|---|---|
| 001 | 73680 | ||
| 005 | 20230410102148.0 | ||
| 008 | 780530s1977 sp a b 000 0 spa | ||
| 010 | _a 78364116 | ||
| 035 | _a(OCoLC)ocm04000695 | ||
| 040 |
_aDLC _cDLC _dOCLCG _dBUF |
||
| 015 | _aSp*** | ||
| 020 | _a8435900401 | ||
| 020 | _a9788435900409 | ||
| 029 | 1 |
_aNLGGC _b785903151 |
|
| 029 | 1 |
_aAU@ _b000001212471 |
|
| 035 | _a(OCoLC)4000695 | ||
| 050 | 1 | 4 |
_a118 PQ 7409 _bF363l 1977 |
| 082 | 0 | 0 | _aRD860.08 |
| 100 | 1 | _aFernández-Rocha, Carlos. | |
| 245 | 1 | 0 |
_aLecturas dominicanas / _cCarlos Fernández-Rocha y Danilo de los Santos. |
| 260 |
_aMadrid : _bPlayor, _cc1977. |
||
| 300 |
_axiv, 372, [3] p. : _bill. ; _c24 cm. |
||
| 504 | _aBibliography: p. [375] | ||
| 650 | 0 | _aDominican literature. | |
| 650 | 4 |
_aLiteratura dominicana _xColecciones |
|
| 700 | 1 |
_aSantos, Danilo de los, _d1944- |
|
| 942 |
_2lcc _cbk |
||
| 946 | _amjcruz | ||
| 994 |
_aC0 _bDRFGD |
||
| 999 |
_c20244 _d20244 |
||